MARC

LEADER 00000nab a2200000 a 4500
001 vtls000393518
003 SK-MaSNL
005 20260304013457.0
008 230120c1990 xo 0 slo
015 |a SNBRB19rr/mm-uuuuu 
035 |a CL0393642 
035 |a urn:nbn:sk:snk-ab1vw2 
035 |a (urnnbn)urn:nbn:sk:snk:ar-a02zve 
035 |a (uuid)c5b1757e-508e-41d9-91b6-755aafa8fc0d 
040 |a SNKBUCL  |b slo  |c SNKBUCL  |e AACR2 
041 0 |a slo 
044 |a xo  |c SK 
080 |a 78.071.2:785.11:782.1  |2 1981 
080 |a 785.11  |2 1981 
080 |a 782.1  |2 1981 
100 1 |a Hanzelová, Martina  |4 aut  |9 530741 
245 1 0 |a Operné duetá  |c Martina Hanzelová ; Magdaléna Blahušiaková, Bruno Sebastian 
600 1 7 |a Blahušiaková, Magdaléna,  |d 1943-  |2 snkbucl  |9 29513 
610 2 7 |a Slovenský rozhlas.  |b Symfonický orchester  |2 snkbucl  |9 32475 
650 0 7 |a Operné duetá (platňa gramofónová)  |2 snkbucl  |9 1294517 
650 0 7 |a Sebastián, Bruno  |2 snkbucl  |9 1294518 
655 7 |a články z novín a časopisov  |2 snkbucl  |9 267496 
773 0 |t Hudobný život 90  |g Roč. 22, č. 20 (1990), s. 6 
850 |a Slovenská národná knižnica v Martine  |a MTA001 
852 |a SNK  |b KIS3GCP 
954 |a odborná, vedecká literatúra pôvodná (slovenská)  |2 lita 
957 |a 5100 
958 |a OND 
958 |a RK 
958 |a EUIPO 
958 |a article27 
992 |a RBX 
999 |c 2575963  |d 2577893